Welcome to the Holygrace Academy Library

Please use search bar below to get started

THE STUDENTS COMPANION (Record no. 6087)

MARC details
000 -LEADER
fixed length control field 00317nam a22001457a 4500
020 ## - INTERNATIONAL STANDARD BOOK NUMBER
ISBN 978-81-291-1995-7
082 ## - DEWEY DECIMAL CLASSIFICATION NUMBER
Classification number 001
Item number BRI/S
100 ## - MAIN ENTRY--AUTHOR NAME
Personal name BRIEN, TERRY O
245 ## - TITLE STATEMENT
Title THE STUDENTS COMPANION
260 ## - PUBLICATION, DISTRIBUTION, ETC. (IMPRINT)
Place of publication DELHI
Name of publisher RUPA PUBLICATIONS
300 ## - PHYSICAL DESCRIPTION
Number of Pages 266
520 ## - SUMMARY, ETC.
Summary, etc QUIZ
650 ## - SUBJECT ADDED ENTRY--TOPICAL TERM
Topical Term QUIZ
Geographic subdivision NEW DELHI
942 ## - ADDED ENTRY ELEMENTS (KOHA)
Koha item type Books
Holdings
Withdrawn status Lost status Collection code Home library Current library Shelving location Date acquired Source of acquisition Cost, normal purchase price Full call number Accession Number Koha item type
    G.K Main Library Main Library SHELF 3- J- ENGLISH CHILDRENS LITERATURE &MYTHOLOGY 03/12/2013 PURCHASE 95.00 001 BRI/S 06181 Books